000 01503nam a2200373Ia 4500
001 ebr10575973
003 CaPaEBR
006 m u
007 cr cn|||||||||
008 060531s2007 nyu sb s001 0 eng d
010 _z 2006017858
020 _z0791470458 (hardcover : alk. paper)
020 _z9780791470459 (hardcover : alk. paper)
020 _z9780791480281
040 _aCaPaEBR
_cCaPaEBR
035 _a(OCoLC)140172320
050 1 4 _aJZ1308
_b.G58 2007eb
082 0 4 _a327.1
_222
245 0 0 _aGlobal liberalism and political order
_h[electronic resource] :
_btoward a new grand compromise? /
_cedited by Steven Bernstein, Louis W. Pauly.
260 _aAlbany :
_bState University of New York Press,
_cc2007.
300 _ax, 231 p.
490 1 _aSUNY series in global politics
504 _aIncludes bibliographical references (p. 187-211) and index.
533 _aElectronic reproduction.
_bPalo Alto, Calif. :
_cebrary,
_d2013.
_nAvailable via World Wide Web.
_nAccess may be limited to ebrary affiliated libraries.
650 0 _aInternational relations.
650 0 _aLegitimacy of governments.
650 0 _aGlobalization
_xEconomic aspects.
655 7 _aElectronic books.
_2local
700 1 _aBernstein, Steven F.
700 1 _aPauly, Louis W.
710 2 _aebrary, Inc.
830 0 _aSUNY series in global politics.
856 4 0 _uhttp://site.ebrary.com/lib/rucke/Doc?id=10575973
_zAn electronic book accessible through the World Wide Web; click to view
999 _c87254
_d87254